00979 2200337 4500001002100000005001500021035002500036020002200061040001200083041000800095082001700103084001700120090002100137090002200158100002800180245006100208260003000269300004200299500001100341500006000352504003200412650002900444650004000473700001000513850001200523007000300535008004100538999002200579990002200601990001800623INLIS00000000003442520191115123112 a0010-031800000000368 a978-979-29-6347-2 aYOPDYOG0 aind042[23]a371.27 a371.27 KAD e aDEP 371.27 KAD e aCB-D.11 2017-20050 aKadek Ayu Aatitid1988-1 aEvaluasi pembelajaran /cKadek Ayu Astiti; editor, Ratih aYogyakarta :bAndi,c2017 ax, 144 halaman :bilustrasi ;c23 cm. aIndeks aDiterbitkan bekerjasama dengan Universitas Nusa Cendana aBibliografi: halaman [133] 4aPembelajaran--xEvaluasi 4aKualitas dan penilaian (Pendidikan)0 aRatih aYOPDYOGta180306s2017 yoia g ind d aCB-D.11/2017-2005 aCB-D.11/2017-2005 a58882-PD/A.18